LEADER 01254nam a2200265 a 4500 001 000000155911 003 CaOOAMICUS 005 20161107130753.0 008 161107s1992 it u000 u eng r 032 $aLibriCat 040 $aPUL$bita 100 1 $aRobinson, Paul F.$0(OLS)http://pul/name/99337 245 14$aThe Carmelite Constitutions of 1357 : $ba critical edition with introduction and notes / $cPaul F. Robinson. 260 $aRomae :$b[s.n.],$c1992. 300 $a202 p. ;$c24 cm. 502 $aDissertatio ad lauream in facultate Iuris Canonici apud Pontificiam Universitatem S. Thomae de Urbe. 1992. 504 $aBibliografia in nota a pič pagina. 610 24$aCarmelitani.$0(OLS)http://pul/subject/7906 710 2 $aPontificia Universitą S. Tommaso.$bFacoltą di diritto canonico.$kTesi.$0(OLS)http://pul/name/82906 850 $aPUL 852 $aPUL$W1$xDP1 Tesi Pon. Univ. S. Tommaso$y44$mTH S.THOM 840$j179065$qTesi$B182231$CPULBib$Z2$F182231 $H71522 $82 941 1 $a16 996 $6245$aThe Carmelite Constitutions of 1357 : $ba critical edition with introduction and notes / $9(OLS)http://pul/title/195558 996 $6260$aRomae :$b[s.n.]$9(OLS)http://pul/publisher/48223 LEADER 01355nam a2200337 a 4500 001 000000160521 003 CaOOAMICUS 005 20170505145819.0 008 170505s2017 it u000 u ita r 020 $a978-88-382-4514-5* 032 $aLibriCat 040 $aPUL$bita 082 14$a176 100 1 $aPalazzani, Laura,$d1964-$0(OLS)http://pul/name/35611 245 10$aCura e giustizia :$btra teoria e prassi /$cLaura Palazzani. 260 $aRoma :$bEdizioni Studium,$c©2017. 300 $a142 p. ;$c23 cm. 490 1 $aLUMSA Universitą. Biogiuridica ;$v01 490 1 $aCultura ;$v94 504 $aBibliografia in nota a pič pagina. 650 4$aEtica medica.$0(OLS)http://pul/subject/38158 830 0$aLUMSA Universitą$pBiogiuridica ;$v01.$0(OLS)http://pul/title/200182 830 0$aCultura (Studium) ;$v94.$0(OLS)http://pul/title/192291 850 $aPUL 852 $aPUL$W1$xSL Filosofia 3$y81$m176 PALLA 1$j184168$qDDC 21$B187378$CPULBib$Z2$F187378 $H129428 $81 941 1 $a9 996 $6020$a978-88-382-4514-5*$9(OLS)http://pul/number/162600 996 $6082$a176$9(OLS)http://pul/classification/2489 996 $6245$aCura e giustizia :$btra teoria e prassi$9(OLS)http://pul/title/200181 996 $6260$aRoma :$bEdizioni Studium$9(OLS)http://pul/publisher/49092